000 00770nam a2200277Ia 4500
001 18077
005 20240113235830.0
007 ta
008 060110s1980 a g b000 u 465 u
020 _a0-7069-1136-9
040 _aCotton College Assam
041 _a465
082 _a572.7
_bM 676 R
100 _aMiri, Sujata .
245 0 _aReligion and Society of North East India /
_cSujata Miri.
_hTextual Documents
250 _a1st ed. /
260 _aNew Delhi :
_bVikas Publishing House Pvt. Ltd. ,
_cC1980.
300 _axi,122p. :
_bill ;
_c22cm .
504 _aIndex
653 _aAnthropology
653 _aNorth East India-Religion and Society
653 _aG-Anthropology
942 _2ddc
_cBK
999 _c18059
_d18059